Buddhist Countries - Statistics

General Stats
  • This quiz has been taken 116 times
  • The average score is 18 of 20
Answer Stats
Percentage Country % Correct
244,130,000 China
98%
9,250,000 India
96%
87.90% Myanmar
93%
48,415,960 Myanmar
93%
93.20% Thailand
93%
64,420,000 Thailand
93%
14,380,000 Vietnam
93%
96.90% Cambodia
92%
13,701,660 Cambodia
92%
36.2% Japan
92%
45,820,000 Japan
92%
66% Laos
91%
11,050,000 South Korea
87%
70,2% Sri Lanka
87%
14,222,844 Sri Lanka
87%
5,620,483 Malaysia
84%
74.70% Bhutan
82%
55.1% Mongolia
82%
35% Taiwan
77%
33.90% Singapore
75%
No matching quizzes found
Score Distribution
Percent of People with Each Score
Percentile by Number Answered
Your Score History
You have not taken this quiz